| 000 | 00698nam a2200253 4500 | ||
|---|---|---|---|
| 001 | 7231 | ||
| 003 | BD-RjUL | ||
| 005 | 20211208234401.0 | ||
| 008 | 130114s1971 nyua b 001 0 eng | ||
| 020 | _a0471168513 | ||
| 035 | _a(BD-RjUL)7273 | ||
| 040 |
_aDLC _cDLC _dDLC _dBD-RjUL _beng |
||
| 041 | _aeng | ||
| 082 | 0 | 0 |
_a519.53 _219 _bCOP 1971 |
| 100 | 1 |
_aConover, W. J. _922613 |
|
| 245 | 1 | 0 |
_aPractical nonparametric statistics / _cW. J. Conover. |
| 260 |
_aNew York : _bWiley, _cc1971. |
||
| 300 |
_ax, 462 p. : _billus. ; _c24 cm. |
||
| 504 | _aBibliography: p. 428-449. | ||
| 650 | 0 |
_aNonparametric statistics. _921374 |
|
| 942 |
_2ddc _cBK |
||
| 999 |
_c7231 _d7231 |
||